Alle Länder des Spanischen Kolonialreichs (mit Karte) - Statistiken

Allgemein
  • Dieses Quiz wurde 11 mal gespielt
  • Das Durchschnittsergebnis liegt bei 22 aus 32
Antworten auf der Karte
Die Antworten werden auf der Karte rot bzw. grün angezeigt, abhängig davon wie oft sie richtig erraten wurden.
 
Antwortstatistiken
Land % Korrekt
Bolivien
90%
Ecuador
90%
Kuba
90%
Mexiko
90%
Panama
90%
Peru
90%
Venezuela
90%
Vereinigte Staaten
90%
Brasilien
80%
Chile
80%
Kolumbien
80%
Spanien
80%
Costa Rica
70%
El Salvador
70%
Guatemala
70%
Nicaragua
70%
Paraguay
70%
Uruguay
70%
Belize
60%
Dominikanische Republik
60%
Guyana
60%
Honduras
60%
Marokko
60%
Philippinen
60%
Bahamas
50%
Marshallinseln
50%
Palau
50%
Trinidad und Tobago
50%
Grossbritannien (Falkland-Inseln)
40%
Mikronesien
40%
Argentinen
30%
Kanada
30%
Keine übereinstimmenden Quizze gefunden
Verteilung der Resultate
Anzahl Personen mit jedem Resultat
Perzentil nach korrekt beantworteten Fragen
Ihre Resultats-Entwicklung
Sie haben dieses Quiz noch nicht gespielt